LEADER 01582nam a2200349 a 4500 001 000000137641 003 CaOOAMICUS 005 20231103143745.0 008 140310s2013 it u000 u ita r 020 $a978-88-7710-987-3 032 $aLibriCat 040 $aPUL$bita 041 1 $aita$hrus 082 04$a184 100 1 $aFlorenskij, Pavel Aleksandrovi?,$d1882-1937.$0(OLS)http://pul/name/12952 240 10$aObsceceloveceskie korni idealizma.$lItaliano.$0(OLS)http://pul/title/174259 245 10$aRealtą e mistero :$ble radici universali dell'idealismo e la filosofia del nome /$cPavel A. Florenskij ; a cura di Natalino Valentini ; traduzione di Claudia Zonghetti. 260 $aMilano :$bSE,$c©2013. 300 $a111 p. ;$c20 cm 490 1 $aPiccola enciclopedia ;$v221 650 4$aPlatonismo.$0(OLS)http://pul/subject/18759 700 1 $aValentini, Natalino,$d1960-$0(OLS)http://pul/name/28421 700 1 $aZonghetti, Claudia.$0(OLS)http://pul/name/81106 830 0$aPiccola enciclopedia ;$v221.$0(OLS)http://pul/title/107143 850 $aPUL 852 $aPUL$W1$xSL Filosofia 3$y81$m184 FLOPA 1$j158660$qDDC 21$B158186$CPULBib$Z2$F158186 $H123648 $82 941 1 $a9 996 $6020$a978-88-7710-987-3$9(OLS)http://pul/number/154703 996 $6082$a184$9(OLS)http://pul/classification/184 996 $6245$aRealtą e mistero :$ble radici universali dell'idealismo e la filosofia del nome$9(OLS)http://pul/title/174260 996 $6260$aMilano :$bSE$9(OLS)http://pul/publisher/76149 LEADER 01164nam a2200301 a 4500 001 000000166783 003 CaOOAMICUS 005 20180320094129.0 008 180320s1997 it b u000 u ita r 020 $z88-420-5366-X* 032 $aLibriCat 040 $aPUL$bita 100 1 $aAlberigo, Giuseppe,$d1926-2007.$0(OLS)http://pul/name/114 245 13$aIl cristianesimo in Italia /$cGiuseppe Alberigo. 250 $a1. ed. aggiornata. 260 $aRoma ;$aBari :$bLaterza,$c1997. 300 $a165 p. :$bc. geogr. ;$c21 cm. 490 1 $aEconomica Laterza ;$v119 504 $aContiene bibliografia. 650 4$aCristianesimo$zItalia$xStoria.$0(OLS)http://pul/subject/7394 830 0$aEconomica Laterza ;$v119.$0(OLS)http://pul/title/39309 850 $aPUL 852 $aPUL$W1$xDP1 Fondo Dalla Palma$y117$m1 B 17$j6370$qFondi$B194231$CPULBib$Z2$F194231 $HDal2245 $81 941 1 $a1 996 $6020$z88-420-5366-X*$9(OLS)http://pul/number/153572 996 $6245$aIl cristianesimo in Italia$9(OLS)http://pul/title/12895 996 $6260$aRoma ;$aBari :$bLaterza$9(OLS)http://pul/publisher/57682